000 01939nam0a2200337 4500
001 RU\NLR\BIBL_A\011962464
005 20190410145841.0
010 _a978-5-906307-36-1
_9500
021 _aRU
_bКН-П-19-009671
_9КН-П-19-0720
035 _a(NLR Aleph) 011962464
035 _a(RuMoRGB)009892545
090 _a11211472
_c11211472
100 _a20190318d2018 u y0rusy50 ca
101 0 _arus
102 _aRU
105 _aa|||zzzz0|1yy
200 1 _aУчебное пособие для теоретической подготовки курсантов по программе профессионального обучения "Машинист (кочегар) котельной"
_fС. С. Руденко
_gАО "Забайкальская топливно-энергетическая компания" (АО ЗабТЭК), Учебный центр
210 _aЧита
_cЧитинская городская типография
_d2018
215 _a122, [1] с.
_cил., табл.
_d21
300 _aНа обл. авт. не указан
313 _aУчебное пособие касается эксплуатации и обслуживания водогрейных котлов
320 _aБиблиогр.: с. 98 (6 назв.)
606 1 _aВодогрейные котлы
_xЭксплуатация
_jУчебные издания для повышения квалификации
_2nlr_sh1
_2nlr_sh2
_3RU\NLR\AUTH\661281178
606 1 _aВодогрейные котлы
_xТехническое обслуживание
_jУчебные издания для повышения квалификации
_2nlr_sh2
_3RU\NLR\AUTH\6601653526
686 1 _aЗ384-51-082я77
700 1 _aРуденко
_bС. С.
_gСтанислав Сергеевич
942 _cBOOK
980 _aNBR
980 _aNB